Guess the random Taylor Swift Song Lyrics 33 - Statistics

General Stats
  • This quiz has been taken 13 times
  • The average score is 308 of 455
Answer Stats
Answer % Correct
I
100%
be
92%
you
92%
You
92%
a
83%
A
83%
And
83%
if
83%
If
83%
is
83%
it
83%
on
83%
the
83%
The
83%
what
83%
When
83%
when
83%
why
83%
your
83%
Your
83%
do
75%
don't
75%
go
75%
In
75%
in
75%
me
75%
my
75%
of
75%
Or
75%
up
75%
was
75%
with
75%
all
67%
Betty
67%
But
67%
but
67%
ever
67%
for
67%
friends
67%
from
67%
From
67%
her
67%
him
67%
I'm
67%
it's
67%
It's
67%
like
67%
love
67%
make
67%
out
67%
she
67%
She
67%
tell
67%
that
67%
think
67%
this
67%
time
67%
to
67%
want
67%
where
67%
Would
67%
would
67%
about
58%
anythin'
58%
at
58%
can
58%
can't
58%
'cause
58%
did
58%
front
58%
get
58%
have
58%
home
58%
just
58%
Just
58%
kiss
58%
know
58%
now
58%
one
58%
only
58%
said
58%
So
58%
stupid
58%
thing
58%
times
58%
told
58%
Will
58%
will
58%
17
50%
again
50%
assumptions
50%
believe
50%
breathe
50%
broken
50%
car
50%
cardigan
50%
dance
50%
dream
50%
face
50%
favorite
50%
fuck
50%
garden
50%
gym
50%
heard
50%
here
50%
house
50%
Inez
50%
long
50%
miss
50%
most
50%
myself
50%
party
50%
patch
50%
playin'
50%
Plus
50%
porch
50%
right
50%
rumors
50%
saw
50%
says
50%
see
50%
showed
50%
song
50%
summer
50%
switched
50%
thinkin'
50%
true
50%
wanna
50%
went
50%
won't
50%
word
50%
worst
50%
wrong
50%
Yeah
50%
couldn't
42%
crowds
42%
days
42%
doorstep
42%
dreamed
42%
dreamt
42%
far
42%
finally
42%
found
42%
hate
42%
homeroom
42%
into
42%
"James
42%
Kissin'
42%
last
42%
lead
42%
let's
42%
nights
42%
nowhere
42%
side
42%
sinkin'
42%
Standin'
42%
Stopped
42%
Those
42%
trust
42%
weeks
42%
wings
42%
cobblestones
33%
drive"
33%
happens
33%
intentions
33%
next
33%
passed
33%
planned
33%
pulled
33%
ridin'
33%
skateboard
33%
Slept
33%
turned
33%
walkin'
33%
figment
25%
streetlight
25%
No matching quizzes found
Score Distribution
Percent of People with Each Score
Percentile by Number Answered
Your Score History
You have not taken this quiz